BAL VIKAS (Record no. 12016)

MARC details
000 -LEADER
fixed length control field 00264nam a22001337a 4500
003 - CONTROL NUMBER IDENTIFIER
control field SGT
082 ## - DEWEY DECIMAL CLASSIFICATION NUMBER
Classification number 370
Item number B13S
100 ## - MAIN ENTRY--PERSONAL NAME
Personal name SEN, AMRIT
245 ## - TITLE STATEMENT
Title BAL VIKAS
260 ## - PUBLICATION, DISTRIBUTION, ETC. (IMPRINT)
Place of publication, distribution, etc NEW DELHI
Name of publisher, distributor, etc INDIAN PUB
Year of Publication 2013
300 ## - PAGE DESCRIPTION
No. of Pages 240
650 ## - SUBJECT ADDED ENTRY--TOPICAL TERM
Topical term or geographic name as entry element EDUCATION
942 ## - ADDED ENTRY ELEMENTS (KOHA)
Source of classification or shelving scheme Dewey Decimal Classification
Koha item type Books
Holdings
Withdrawn status Lost status Source of classification or shelving scheme Damaged status Not for loan Collection code Home library Current library Shelving location Date acquired Vendor Name Cost, normal purchase price SGTU Bill Number Full call number Accession No. (Barcode) Date last seen Bill Date Koha item type Total Checkouts Date last borrowed
    Dewey Decimal Classification     EDUCATION SGT Engineering Library SGT Engineering Library Text Book 27/06/2017 UNIVERSAL PUB 200.00 SGTU 101/102 370 B13S ED1796 27/06/2017 22/11/2016 Books    
    Dewey Decimal Classification     EDUCATION SGT Engineering Library SGT Engineering Library Text Book 27/06/2017 UNIVERSAL PUB 200.00 SGTU 101/102 370 B13S ED1797 27/06/2017 22/11/2016 Books    
    Dewey Decimal Classification     EDUCATION SGT Engineering Library SGT Engineering Library Text Book 27/06/2017 UNIVERSAL PUB 200.00 SGTU 101/102 370 B13S ED1798 27/06/2017 22/11/2016 Books    
    Dewey Decimal Classification     EDUCATION SGT Engineering Library SGT Engineering Library Text Book 27/06/2017 UNIVERSAL PUB 200.00 SGTU 101/102 370 B13S ED1799 07/05/2025 22/11/2016 Books 1 07/05/2025
    Dewey Decimal Classification     EDUCATION SGT Engineering Library SGT Engineering Library Text Book 27/06/2017 UNIVERSAL PUB 200.00 SGTU 101/102 370 B13S ED1800 27/06/2017 22/11/2016 Books